000 01636nam a22002657a 4500
999 _c62328
_d62328
003 Ge_BSU
005 20241007163538.0
008 241007s2024 ge ||||| |||| 00| 0 geo d
020 _a9789941514807
041 _ageo
080 _a339.92(4:510) : 665.6 : 662.959 პ-13
100 _aპავლიაშვილი, სოლომონ
_917738
245 _aშუა დერეფნის ენერგეტიკული განზომილება = Energy dimension of the Middle Corridor :
_b[ალტერნატიული მარშრუტი ჩინეთიდან ევროპაში : მონოგრაფია] /
_cსოლომონ პავლიაშვილი, ზურაბ გარაყანიძე; რედაქტორი მიხეილ ჯიბუტი.
264 _aთბილისი :
_bმწიგნობარი,
_c2024.
300 _a236 გვ. :
_bდიაგრ., ცხრ. ;
_c 20 სმ
504 _aბიბლიოგრაფია: გვ. 215-236.
520 _aრეზიუმე ინგლისურ ენაზე.
653 _aენერგეტიკული დერეფანი
653 _aევროპა -- ჩინეთი.
653 _aნავთობსადენები. გაზსადენები.
700 _aგარაყანიძე, ზურაბ
_eავტორი.
_923322
700 _aჯიბუტი, მიხეილ
_eრედაქტორი.
_923323
773 _tნაჩუქარი
942 _2udc
_cᲬᲘᲒᲜᲘ